El Berguedà : cap a un sistema esportiu comarcal / director: Juan A. Páez i Berga cap a un sistema esportiu comarcal / director:
Descripción Física:
89 p. : amb map. ; 24 cm
Colección:
Temes d'esports ; 1
Otros Autores:
Páez Berga, Juan A., dir
Materias:
Esports -- Berguedà (Catalunya)
MARC
| LEADER | 00000nam a2200000Ia 4500 | ||
|---|---|---|---|
| 001 | 9190 | ||
| 008 | 160829s1990 xx 000 0 cat d | ||
| 080 | |a P-1-19 | ||
| 245 | |a El Berguedà : |b cap a un sistema esportiu comarcal / director: |b Juan A. Páez i Berga | ||
| 260 | |a Barcelona : |b Diputació de Barcelona, Servei d'Esports, |c 1990 | ||
| 300 | |a 89 p. : |b amb map. ; |c 24 cm | ||
| 490 | |a Temes d'esports ; 1 | ||
| 650 | 0 | |a Esports |z Berguedà (Catalunya) |9 26840 | |
| 700 | |a Páez Berga, Juan A., dir. |9 26841 | ||
| 710 | 1 | |a Barcelona (Catalunya : Província). |b Servei d'Esports |9 53772 | |
| 901 | |a Arxiu | ||
| 942 | |n 1 | ||
| 952 | |0 0 |1 0 |4 0 |6 P119 |7 1 |9 44165 |a Arxiu |b Arxiu |d 2016-12-01 |l 0 |o P-1-19 |p 9190 |r 2016-12-01 00:00:00 |w 2016-12-01 |y ARXIU | ||
| 952 | |0 0 |1 0 |4 0 |6 PDL |7 1 |9 63731 |a Arxiu |b Arxiu |d 2022-09-02 |l 0 |o PDL |p 26652 |r 2022-09-02 00:00:00 |w 2022-09-02 |y ARXIU | ||
| 999 | |c 46745 |d 46745 | ||